Statistics for All 10k+ cities in Europe starting with B on a Map

Click here to take the quiz!

General Stats

  • This quiz has been taken 444 times
  • The average score is 77 of 855

Answers on the Map

Answers color-coded by a green-red scale on the quiz's map according to % correct below.
 

Answer Stats

CountryPopulationName% Correct
Switzerland24,686Baar
96%
Montenegro13,503Bar
96%
Ukraine15,563Bar
96%
Germany3,664,088Berlin
92%
Italy29,466Bra
92%
Hungary1,752,286Budapest
92%
Spain1,664,182Barcelona
90%
United Kingdom1,160,254Birmingham
90%
Ukraine36,971Bucha
90%
Romania1,883,425Bucharest
90%
Serbia1,166,763Belgrade
87%
Slovakia440,948Bratislava
85%
Serbia34,160Bor
81%
Russia76,732Bor
81%
United Kingdom577,246Bristol
81%
Germany13,382Bergen
80%
Norway285,601Bergen
80%
Netherlands11,505Bergen
80%
Germany13,572Bergen auf Rügen
80%
Netherlands50,990Bergen op Zoom
80%
Belarus340,318Brest
80%
France139,602Brest
80%
United Kingdom338,160Belfast
79%
Switzerland134,794Bern
78%
Germany566,573Bremen
77%
Italy313,003Bari
76%
Czechia382,405Brno
76%
Italy394,463Bologna
75%
Belgium185,103Brussels
75%
Spain350,184Bilbao
74%
Switzerland13,221Brig-Glis
73%
Germany330,579Bonn
71%
United Kingdom244,917Brighton and Hove
71%
France257,068Bordeaux
70%
Switzerland55,206Biel/Bienne
66%
Germany22,240Burg
63%
Switzerland173,863Basel
62%
Spain16,760Berga
61%
United Kingdom103,614Bath
60%
Germany333,509Bielefeld
59%
Poland344,091Bydgoszcz
56%
United Kingdom197,383Bournemouth
55%
France18,316Bruges
54%
Belgium118,467Brugge
54%
United Kingdom16,780Bourne
53%
United Kingdom145,821Blackpool
52%
Romania14,495Brad
51%
United Kingdom366,187Bradford
49%
Germany364,454Bochum
48%
Portugal148,550Braga
48%
Germany113,557Bremerhaven
47%
Italy195,102Brescia
47%
Austria25,817Baden
44%
Switzerland19,621Baden
44%
Bosnia and Herzegovina135,059Banja Luka
44%
Italy119,684Bergamo
44%
Netherlands23,035Baarn
43%
France18,237Brie-Comte-Robert
43%
France16,919Bry-sur-Marne
43%
United Kingdom120,932Blackburn
41%
Italy107,760Bolzano
41%
Germany248,561Braunschweig
41%
Bulgaria198,593Burgas
41%
United Kingdom205,411Bolton
39%
Poland296,958Białystok
38%
Russia391,702Belgorod
37%
Germany72,040Brandenburg an der Havel
37%
France116,775Besançon
36%
Romania253,200Brașov
36%
Netherlands154,880Breda
36%
Spain176,418Burgos
36%
Russia399,579Bryansk
35%
Italy83,848Brindisi
34%
Spain150,984Badajoz
33%
United Kingdom83,364Burnley
32%
Spain223,166Badalona
31%
Germany76,674Bamberg
31%
France48,044Bastia
31%
Germany55,449Baden-Baden
29%
Switzerland12,738Brugg
29%
United Kingdom98,924Barnsley
28%
Germany74,048Bayreuth
28%
United Kingdom46,092Boston
27%
United Kingdom57,920Barry
26%
France121,334Boulogne-Billancourt
26%
France40,664Boulogne-sur-Mer
26%
France25,532Biarritz
25%
United Kingdom114,402Basingstoke
23%
France20,711Beaune
23%
United Kingdom93,378Bedford
23%
Norway52,560Bodø
23%
United Kingdom63,290Bangor
22%
United Kingdom18,322Bangor
22%
France51,411Bayonne
22%
France10,007Bourg-de-Péage
22%
France41,248Bourg-en-Bresse
22%
France20,769Bourg-la-Reine
22%
France19,889Bourg-lès-Valence
22%
United Kingdom117,681Basildon
21%
Germany117,388Bottrop
21%
Moldova97,930Bălți
20%
Germany111,636Bergisch Gladbach
20%
United Kingdom80,300Bury
20%
United Kingdom41,554Bury St Edmunds
20%
France77,599Béziers
19%
United Kingdom145,775Birkenhead
19%
Spain70,450Benidorm
18%
North Macedonia70,470Bitola
18%
France64,668Bourges
18%
Belgium16,097Bree
18%
Austria29,534Bregenz
18%
Romania144,307Bacău
16%
Romania123,738Baia Mare
16%
Romania180,302Brăila
16%
United Kingdom77,536Burton upon Trent
16%
Belarus211,389Babruysk
15%
Slovakia77,719Banská Bystrica
15%
Spain101,486Barakaldo
15%
Belarus10,573Barań
15%
Italy92,927Barletta
15%
Belarus139,481Barysaw
15%
United Kingdom13,516Berwick-upon-Tweed
15%
Russia507,307Balashikha
14%
United Kingdom44,513Barrow-in-Furness
14%
Germany38,006Bautzen
14%
Ukraine107,928Berdiansk
14%
France13,520Berre-l'Étang
14%
Poland169,756Bielsko-Biała
14%
Sweden81,201Borås
14%
France42,216Bron
14%
United Kingdom15,379Buckingham
14%
Poland163,255Bytom
14%
United Kingdom32,775Barnstaple
13%
France46,954Belfort
13%
France45,871Blois
13%
United Kingdom70,309Bognor Regis
13%
Romania106,847Botoșani
13%
Portugal23,830Bragança
13%
Russia22,960Buy
13%
Romania115,494Buzău
13%
Russia15,408Barysh
12%
Italy57,778Benevento
12%
Albania36,496Berat
12%
France13,791Berck
12%
Bulgaria68,179Blagoevgrad
11%
Belgium13,253Bocholt
11%
Germany71,061Bocholt
11%
United Kingdom85,067Bracknell
11%
Germany54,092Bad Homburg v. d. Höhe
10%
Belarus174,183Baranovichi
10%
France56,605Beauvais
10%
Switzerland43,360Bellinzona
10%
Italy43,663Biella
10%
Germany25,736Bingen am Rhein
10%
Sweden18,656Boden
10%
United Kingdom52,835Bootle
10%
Ukraine109,473Brovary
10%
Montenegro13,338Budva
10%
Russia186,012Balakovo
9%
United Kingdom31,260Ballymena
9%
United Kingdom47,447Banbury
9%
Netherlands27,575Best
9%
United Kingdom31,130Beverley
9%
United Kingdom19,926Bideford
9%
Ukraine208,737Bila Tserkva
9%
Malta25,463Birkirkara
9%
Germany50,121Böblingen
9%
Netherlands20,725Borne
9%
Austria17,438Braunau am Inn
9%
Ireland27,760Bray
9%
United Kingdom49,338Bridgend
9%
United Kingdom44,394Bridgwater
9%
United Kingdom35,264Bridlington
9%
United Kingdom36,215Bromsgrove
9%
Germany51,310Bad Kreuznach
8%
Norway128,233Bærum
8%
Ukraine72,310Bakhmut (Artemivsk)
8%
United Kingdom83,292Batley
8%
Spain69,144Benalmádena
8%
Germany40,908Bernau bei Berlin
8%
United Kingdom45,123Bexhill (Bexhill-on-Sea)
8%
United Kingdom32,835Bicester
8%
Bosnia and Herzegovina39,690Bihać
8%
Germany15,181Bitburg
8%
Bosnia and Herzegovina39,893Brčko
8%
United Kingdom55,285Brentwood
8%
Italy22,770Bressanone
8%
France46,630Brive-la-Gaillarde
8%
Italy83,121Busto Arsizio
8%
Germany40,026Buxtehude
8%
United Kingdom22,437Buxton (High Peak)
8%
Germany30,039Bad Hersfeld
7%
Belgium22,853Balen
7%
United Kingdom28,260Bearsden
7%
Russia137,091Berezniki
7%
United Kingdom39,535Blyth
7%
United Kingdom16,000Bodmin
7%
United Kingdom43,552Braintree
7%
Austria15,650Bruck an der Mur
7%
Germany43,673Brühl
7%
Germany14,244Brühl
7%
Germany22,421Bad Kissingen
6%
Germany18,530Bad Reichenhall
6%
Germany54,166Bad Salzuflen
6%
Germany19,141Bad Tölz
6%
Germany34,505Balingen
6%
Netherlands55,210Barendrecht
6%
United Kingdom11,670Barton-upon-Humber
6%
Russia127,444Bataysk
6%
United Kingdom23,550Bathgate
6%
France13,017Bayeux
6%
United Kingdom54,131Beeston (Broxtowe)
6%
Portugal22,260Beja
6%
Hungary18,322Békés
6%
Italy35,505Belluno
6%
Switzerland11,603Belp
6%
Germany61,749Bergheim
6%
Germany33,510Biberach an der Riß
6%
Germany43,146Bietigheim-Bissingen
6%
United Kingdom34,987Billericay
6%
Romania75,076Bistrița
6%
United Kingdom39,220Bletchley
6%
Austria14,961Bludenz
6%
United Kingdom37,958Borehamwood
6%
Germany42,650Borken
6%
Germany12,506Borken (Hessen)
6%
Sweden44,927Borlänge
6%
France11,084Briançon
6%
United Kingdom16,982Brixham
6%
United Kingdom24,517Broadstairs
6%
Germany17,773Buchen (Odenwald)
6%
Germany18,795Burghausen
6%
United Kingdom23,948Burnham-on-Sea
6%
Germany48,535Bad Oeynhausen
5%
Italy53,149Bagheria
5%
Italy25,462Bagno a Ripoli
5%
Netherlands31,515Barneveld
5%
Portugal62,860Barreiro
5%
Belgium16,296Bastogne
5%
United Kingdom14,667Beaconsfield
5%
United Kingdom14,197Beccles
5%
Poland56,008Będzin
5%
Hungary58,996Békéscsaba
5%
United Kingdom19,710Bellshill
5%
Germany13,935Belm
5%
Germany40,791Bensheim
5%
Montenegro11,073Berane
5%
France26,823Bergerac
5%
Poland56,942Biała Podlaska
5%
United Kingdom22,740Bingley
5%
United Kingdom23,670Bishopbriggs
5%
United Kingdom40,815Bishop's Stortford
5%
Italy52,275Bitonto
5%
Croatia27,024Bjelovar
5%
Spain39,914Blanes
5%
France54,272Bobigny
5%
Ukraine63,674Boryspil
5%
United Kingdom33,874Brighouse
5%
Germany45,376Bünde
5%
Netherlands48,625Bussum
5%
Germany37,558Backnang
4%
Germany32,493Bad Nauheim
4%
Germany34,714Bad Vilbel
4%
Hungary34,495Baja
4%
Russia33,946Baltiysk
4%
United Kingdom68,641Bamber Bridge
4%
Slovakia32,099Bardejov
4%
United Kingdom17,760Barrhead
4%
Spain40,847Basauri
4%
Germany27,915Baunatal
4%
United Kingdom31,134Bedworth
4%
Poland56,419Bełchatów
4%
Ukraine73,999Berdychiv
4%
Netherlands46,430Berkel en Rodenrijs / Bergschenhoek
4%
United Kingdom21,719Berkhamsted
4%
Germany32,257Bernburg (Saale)
4%
Russia37,400Beslan
4%
France25,193Béthune
4%
Belgium49,062Beveren
4%
United Kingdom21,673Biggleswade
4%
Bosnia and Herzegovina41,121Bijeljina
4%
United Kingdom33,518Bilston
4%
Italy54,394Bisceglie
4%
United Kingdom25,433Bishop Auckland
4%
Germany37,568Bitterfeld-Wolfen
4%
United Kingdom14,693Blaydon
4%
Netherlands16,870Bodegraven
4%
Poland38,486Bolesławiec
4%
United Kingdom11,996Bolsover
4%
France54,055Bondy
4%
United Kingdom14,690Bo'ness
4%
Italy12,434Borgo San Dalmazzo
4%
Germany48,348Bornheim
4%
Netherlands23,285Boxtel
4%
United Kingdom15,315Brackley
4%
United Kingdom10,177Brandon
4%
United Kingdom12,804Bridgnorth
4%
United Kingdom13,651Bridport
4%
United Kingdom13,498Brough
4%
Germany45,364Bruchsal
4%
Italy17,050Brunico
4%
Austria12,024Brunn am Gebirge
4%
Germany40,091Buchholz in der Nordheide
4%
Germany21,452Büren
4%
Switzerland16,583Burgdorf
4%
Germany30,899Burgdorf
4%
United Kingdom32,495Burgess Hill
4%
United Kingdom27,278Bushey
4%
Serbia28,239Bačka Palanka
3%
Germany15,770Bad Bentheim
3%
Germany18,553Bad Dürkheim
3%
Germany15,828Bad Essen
3%
Germany25,759Bad Honnef
3%
Austria14,109Bad Ischl
3%
Germany17,211Bad Langensalza
3%
Germany16,408Bad Lippspringe
3%
Germany24,034Bad Mergentheim
3%
Germany28,634Bad Neuenahr-Ahrweiler
3%
Germany15,261Bad Neustadt a.d. Saale
3%
Germany24,784Bad Oldesloe
3%
Germany19,162Bad Pyrmont
3%
Germany23,177Bad Salzungen
3%
Germany20,240Bad Schwartau
3%
Germany17,641Bad Segeberg
3%
Germany29,129Bad Zwischenahn
3%
Spain15,791Baeza
3%
Hungary12,800Balatonfüred
3%
United Kingdom11,040Ballymoney
3%
France16,520Balma
3%
Romania18,164Balș
3%
Spain22,556Barbate
3%
Italy40,263Barcellona Pozzo di Gotto
3%
Romania55,837Bârlad
3%
France14,733Bar-le-Duc
3%
Italy42,168Bassano del Grappa
3%
Spain20,430Baza
3%
France10,793Beaumont
3%
United Kingdom58,427Bebington
3%
Germany12,973Bedburg-Hau
3%
United Kingdom17,081Bedlington
3%
France29,669Bègles
3%
France13,057Belleville-en-Beaujolais
3%
United Kingdom23,891Belper
3%
Spain27,363Benicarló
3%
Germany48,919Bergkamen
3%
Montenegro12,900Bijelo Polje
3%
Poland26,114Biłgoraj
3%
Ukraine48,197Bilhorod-Dnistrovskyi
3%
United Kingdom34,169Billingham
3%
Austria10,544Bischofshofen
3%
Germany10,788Bischofswerda
3%
United Kingdom24,215Blackwood
3%
France25,152Blagnac
3%
United Kingdom12,363Blandford Forum
3%
Germany19,374Blankenburg (Harz)
3%
United Kingdom16,650Blantyre
3%
Germany20,287Blieskastel
3%
United Kingdom52,240Bloxwich
3%
Czechia20,308Bohumín
3%
Sweden13,942Bollnäs
3%
United Kingdom18,450Bonnyrigg
3%
Germany15,369Boppard
3%
Russia58,742Borisoglebsk
3%
Germany19,120Borna
3%
Germany31,225Bramsche
3%
Poland16,974Braniewo
3%
Germany11,007Braunfels
3%
Germany15,439Breisach am Rhein
3%
Germany29,538Bretten
3%
United Kingdom32,149Brierley Hill
3%
France17,364Brignoles
3%
Germany25,336Brilon
3%
United Kingdom21,217Brownhills
3%
United Kingdom15,930Broxburn
3%
Germany12,364Brunsbüttel
3%
Poland35,226Brzeg
3%
Switzerland13,053Buchs
3%
United Kingdom20,327Buckley
3%
Russia60,504Budyonnovsk
3%
Spain11,950Bueu
3%
Russia81,678Bugulma
3%
Germany28,889Bühl
3%
Switzerland24,412Bulle
3%
United Kingdom28,831Burntwood
3%
Germany26,476Butzbach
3%
Russia86,042Buzuluk
3%
Poland16,833Bytów
3%
Turkey29,569Babaeski
2%
Germany16,927Babenhausen
2%
Serbia14,573Bačka Topola
2%
United Kingdom14,261Bacup
2%
Germany19,097Bad Aibling
2%
Germany15,571Bad Arolsen
2%
Germany18,847Bad Berleburg
2%
Germany14,184Bad Camberg
2%
Germany12,755Bad Doberan
2%
Germany18,902Bad Driburg
2%
Germany21,820Bad Harzburg
2%
Germany20,783Bad Krozingen
2%
Germany17,387Bad Münstereifel
2%
Germany10,295Bad Orb
2%
Germany17,510Bad Säckingen
2%
Germany17,567Bad Saulgau
2%
Germany22,871Bad Soden am Taunus
2%
Germany13,566Bad Soden-Salmünster
2%
Germany12,473Bad Urach
2%
Austria12,312Bad Vöslau
2%
Germany20,103Bad Waldsee
2%
Germany17,287Bad Wildungen
2%
Germany27,319Baesweiler
2%
France40,812Bagneux
2%
France35,442Bagnolet
2%
United Kingdom15,806Baildon
2%
Spain17,548Bailén
2%
Spain12,129Baiona
2%
Russia38,645Baksan
2%
Spain17,472Balaguer
2%
Russia74,981Balashov
2%
United Kingdom10,624Baldock
2%
Ireland10,623Ballina
2%
United Kingdom17,510Banbridge
2%
United Kingdom10,643Banstead
2%
Spain20,053Banyoles
2%
Spain17,174Barbastro
2%
Portugal20,710Barcelos
2%
Hungary10,293Barcs
2%
Germany15,984Bargteheide
2%
Germany34,394Barsinghausen
2%
Germany13,192Barßel
2%
Poland22,984Bartoszyce
2%
Switzerland11,924Bassersdorf
2%
Germany16,072Bassum
2%
Italy50,281Battipaglia
2%
Spain13,938Beasain
2%
France15,718Beaucaire
2%
France13,576Beausoleil
2%
Serbia23,895Bečej
2%
Germany36,637Beckum
2%
Germany23,743Bedburg
2%
Spain12,559Béjar
2%
Italy11,053Belmonte Mezzagno
2%
Russia51,405Belorechensk
2%
Czechia16,804Benešov
2%
Spain18,364Benicasim
2%
United Kingdom27,297Bentley
2%
Spain14,659Bergara
2%
Belgium46,882Beringen
2%
Spain16,864Bermeo
2%
Czechia19,988Beroun
2%
Germany10,525Bestwig
2%
Netherlands16,845Beuningen
2%
Poland23,950Białogard
2%
Poland25,044Bielsk Podlaski
2%
Poland19,375Bieruń
2%
United Kingdom10,197Bingham
2%
Switzerland15,771Binningen
2%
Russia46,245Birsk
2%
Czechia20,306Blansko
2%
Germany12,434Blaubeuren
2%
Netherlands10,770Bleiswijk
2%
Spain56,734Boadilla del Monte
2%
Poland29,554Bochnia
2%
Poland17,037Bogatynia
2%
Germany10,409Böhl-Iggelheim
2%
Italy35,955Bollate
2%
France12,557Bonneville
2%
Italy10,075Bordighera
2%
United Kingdom15,708Bordon
2%
Belgium21,428Bornem
2%
Spain35,052Borriana
2%
Ukraine32,913Boryslav
2%
Bosnia and Herzegovina10,196Bosanska Krupa
2%
Netherlands11,410Boskoop
2%
Bulgaria19,012Botevgrad
2%
France28,494Bourgoin-Jallieu
2%
Netherlands13,345Boxmeer
2%
Germany16,125Brakel
2%
Belgium14,762Brakel
2%
Germany14,824Brake (Unterweser)
2%
Belgium38,211Brasschaat
2%
Czechia24,554Břeclav
2%
Italy26,358Bresso
2%
France19,733Bressuire
2%
Netherlands12,885Brielle
2%
Poland28,701Brodnica
2%
Ukraine23,335Brody
2%
Germany15,934Brüggen
2%
Czechia15,908Bruntál
2%
Poland16,764Brzesko
2%
Poland12,365Brzeziny
2%
Germany13,406Buchloe
2%
Romania10,388Bucov
2%
Hungary14,624Budakeszi
2%
Hungary28,899Budaörs
2%
Germany22,808Büdingen
2%
Bosnia and Herzegovina15,555Bugojno
2%
Switzerland21,998Bülach
2%
Netherlands19,760Bunschoten / Spakenburg
2%
Germany10,159Burgau
2%
Germany10,530Burgstädt
2%
Poland15,611Busko-Zdrój
2%
Russia66,422Buynaksk
2%
Romania10,317Baciu
1%
Italy25,694Bacoli
1%
Germany12,428Bad Abbach
1%
Germany11,096Bad Belzig
1%
Germany15,128Bad Bramstedt
1%
Germany11,499Bad Dürrenberg
1%
Germany13,414Bad Dürrheim
1%
Germany12,174Bad Fallingbostel
1%
Germany10,019Bad Frankenhausen/Kyffhäuser
1%
Germany12,286Bad Freienwalde (Oder)
1%
Germany19,504Bad Friedrichshall
1%
Spain13,415Badia del Vallès
1%
Germany10,540Bad Iburg
1%
Germany13,412Bad Laasphe
1%
Germany10,294Bad Lauterberg im Harz
1%
Germany17,415Bad Münder am Deister
1%
Germany11,279Bad Nenndorf
1%
Germany21,650Bad Rappenau
1%
Germany13,255Bad Salzdetfurth
1%
Germany12,052Bad Sassendorf
1%
Germany12,881Bad Schönborn
1%
Germany11,207Bad Schwalbach
1%
Germany10,474Bad Staffelstein
1%
Germany10,386Bad Wildbad
1%
Germany12,195Bad Windsheim
1%
Germany16,327Bad Wörishofen
1%
Germany12,206Bad Wünnenberg
1%
Germany14,782Bad Wurzach
1%
Spain19,045Baena
1%
Italy16,502Bagnacavallo
1%
Italy12,406Bagnolo Mella
1%
France18,072Bagnols-sur-Cèze
1%
Romania15,476Baia Sprie
1%
Germany14,796Baiersbronn
1%
Russia26,651Bakhchysarai
1%
Ukraine17,192Bakhmach
1%
Ukraine26,921Balakliia
1%
Hungary14,705Balassagyarmat
1%
United Kingdom10,400Ballyclare
1%
Hungary17,026Balmazújváros
1%
Sweden15,294Bålsta
1%
Ukraine18,079Balta
1%
Bulgaria11,403Bankya
1%
Germany11,083Bannewitz
1%
Slovakia17,417Bánovce nad Bebravou
1%
Spain20,167Barañáin
1%
Italy11,717Baranzate
1%
Spain33,334Barberà del Vallès
1%
Italy10,779Barberino di Mugello
1%
Italy17,142Bareggio
1%
Spain10,535Bargas
1%
United Kingdom11,889Bargoed
1%
Poland13,611Barlinek
1%
Germany10,428Barmstedt
1%
United Kingdom10,362Barnoldswick
1%
Italy16,953Baronissi
1%
Germany12,873Barsbüttel
1%
Ukraine12,327Bashtanka
1%
Italy21,278Bastia Umbra
1%
Russia21,794Bavly
1%
Germany13,855Bebra
1%
Germany14,938Beckingen
1%
Italy12,187Bedizzole
1%
Germany12,818Beelitz
1%
Belgium18,194Beerse
1%
Italy17,557Beinasco
1%
Romania10,667Beiuș
1%
Russia38,739Belaya Kalitva
1%
Russia59,093Belebey
1%
Italy19,302Bellaria-Igea Marina
1%
Italy13,418Bellizzi
1%
Russia64,479Beloretsk
1%
Italy27,498Belpasso
1%
Netherlands11,730Bemmel
1%
Spain17,787Benavente
1%
Germany16,893Bendorf
1%
Spain15,000Benetússer
1%
Spain11,465Beniel
1%
Spain11,288Benissa
1%
Netherlands14,860Bennekom
1%
Ukraine23,485Berehove
1%
Hungary14,614Berettyóújfalu
1%
Germany18,502Bergneustadt
1%
Netherlands11,170Berkel-Enschot
1%
Bulgaria11,668Berkovitsa
1%
Italy11,894Bernalda
1%
Switzerland10,258Bernex
1%
Spain10,651Berriozar
1%
Italy10,991Bertinoro
1%
Ukraine12,123Beryslav
1%
Germany12,643Besigheim
1%
Spain13,053Betanzos
1%
Spain24,604Bétera
1%
Luxembourg11,374Bettembourg
1%
France11,968Betton
1%
Germany10,076Betzdorf
1%
Germany13,569Beverstedt
1%
Germany13,064Beverungen
1%
Germany17,565Bexbach
1%
France30,484Bezons
1%
Italy22,938Biancavilla
1%
Italy12,101Biassono
1%
Hungary13,889Biatorbágy
1%
Italy10,104Bibbiano
1%
Italy11,761Bibbiena
1%
Hungary11,497Bicske
1%
United Kingdom18,049Biddulph
1%
Germany13,491Biedenkopf
1%
Poland29,523Bielawa
1%
Belgium10,194Bierbeek
1%
France10,921Biganos
1%
Czechia17,103Bílina
1%
Germany11,538Billerbeck
1%
France12,628Billère
1%
Russia18,252Bilohirsk
1%
Belgium32,536Bilzen
1%
Belgium33,416Binche
1%
Germany10,170Birkenfeld
1%
Denmark20,908Birkerød
1%
Switzerland10,396Birsfelden
1%
Malta13,453Birżebbuġa
1%
France13,946Biscarrosse
1%
Germany13,075Bischofsheim
1%
France12,615Bischwiller
1%
United Kingdom16,292Bishop's Cleeve
1%
Poland10,628Biskupiec
1%
Germany14,700Bissendorf
1%
Italy11,831Bitetto
1%
Italy11,277Bitritto
1%
Sweden11,297Bjuv
1%
United Kingdom13,505Blackfield (Fawley)
1%
Russia30,333Blagodarny
1%
Russia34,656Blagoveshchensk
1%
Romania20,630Blaj
1%
Belgium20,479Blankenberge
1%
Germany28,606Blankenfelde-Mahlow
1%
France15,510Blanquefort
1%
Germany16,303Blaustein
1%
Germany10,244Bleicherode
1%
Germany15,093Blomberg
1%
Germany10,155Blumberg
1%
Germany10,120Bobenheim-Roxheim
1%
Germany17,628Bobingen
1%
Russia19,842Bobrov
1%
Romania15,842Bocșa
1%
Germany10,085Bogen
1%
Germany12,729Bohmte
1%
Spain18,884Boiro
1%
France28,468Bois-Colombes
1%
France15,220Bois-d'Arcy
1%
France14,309Bois-Guillaume
1%
France16,487Boissy-Saint-Léger
1%
Germany10,722Boizenburg/Elbe
1%
Russia14,973Boksitogorsk
1%
Spain12,019Bolaños de Calatrava
1%
France11,605Bolbec
1%
Ukraine14,962Bolhrad
1%
France13,509Bollène
1%
Spain10,931Bollullos de la Mitación
1%
Spain14,387Bollullos Par del Condado
1%
Norway11,953Bømlo
1%
Italy13,979Bondeno
1%
Germany18,126Bönen
1%
Hungary12,837Bonyhád
1%
Belgium18,799Boom
1%
Belgium12,711Boortmeerbeek
1%
Germany11,690Bopfingen
1%
Serbia46,086Borča
1%
Germany13,475Borchen
1%
Italy21,229Borgomanero
1%
Italy17,979Borgo San Lorenzo
1%
Italy12,355Borgosesia
1%
Russia13,175Borisovka
1%
Spain22,180Bormujos
1%
Ukraine13,044Borodianka
1%
Russia48,858Borovichi
1%
Romania27,611Borșa
1%
Italy27,092Boscoreale
1%
Czechia11,726Boskovice
1%
Italy10,568Botticino
1%
France10,725Boulazac Isle Manoire
1%
Germany13,891Bovenden
1%
Italy16,007Bovolone
1%
Ukraine35,312Boyarka
1%
Italy18,787Bracciano
1%
Germany16,086Brackenheim
1%
Belgium40,093Braine-l'Alleud
1%
Belgium10,532Braine-le-Château
1%
Belgium22,290Braine-le-Comte
1%
United Kingdom17,254Bramhall
1%
Romania10,367Brănești
1%
Germany10,426Braunsbedra
1%
Belgium29,809Brecht
1%
Belgium18,086Bredene
1%
Germany18,564Bremervörde
1%
Spain12,501Brenes
1%
France26,878Brétigny-sur-Orge
1%
Germany12,552Bretzfeld
1%
Slovakia20,736Brezno
1%
Ukraine44,987Brianka
1%
United Kingdom10,433Brierfield
1%
Germany12,512Brieselang
1%
France11,697Brignais
1%
Denmark12,522Brønderslev
1%
Italy18,429Bronte
1%
France21,851Bruay-la-Buissière
1%
France11,311Bruay-sur-l'Escaut
1%
Germany20,512Bruchköbel
1%
Germany16,569Bruckmühl
1%
Italy34,788Brugherio
1%
Spain10,760Brunete
1%
France25,354Brunoy
1%
France18,516Bruz
1%
Poland13,687Brwinów
1%
Poland11,092Brzeszcze
1%
Italy26,711Buccinasco
1%
Germany19,351Bückeburg
1%
Hungary11,160Budakalász
1%
Germany10,466Büdelsdorf
1%
Italy18,106Budrio
1%
Romania22,178Buftea
1%
Belgium14,689Buggenhout
1%
Russia47,714Buguruslan
1%
Russia20,093Buinsk
1%
Serbia18,067Bujanovac
1%
Germany10,594Burgkirchen a.d. Alz
1%
Germany13,970Burglengenfeld
1%
Germany20,229Burgwedel
1%
Spain38,632Burjassot
1%
Spain19,541Burlada
1%
Germany12,241Burladingen
1%
Germany18,527Burscheid
1%
Germany16,492Bürstadt
1%
Italy10,083Busca
1%
Italy20,598Bussolengo
1%
France26,806Bussy-Saint-Georges
1%
Italy13,924Busto Garolfo
1%
France10,042Buxerolles
1%
Belarus28,619Byaroza
1%
Belarus11,450Byerazino
1%
Belarus16,922Bykhaw
1%
Russia11,179Bykovo
1%
Slovakia11,370Bytča
1%
Russia11,416Babayevo
0%
Romania17,981Băicoi
0%
Romania17,437Băilești
0%
France15,019Bailleul
0%
Russia25,861Balabanovo
0%
Russia48,122Balakhna
0%
Bulgaria10,985Balchik
0%
Germany11,217Balve
0%
Norway14,014Bamble
0%
Ukraine11,343Baranivka
0%
Spain11,158Barbadás
0%
Italy12,021Barberino Tavarnelle
0%
France12,211Barentin
0%
Italy11,947Barrafranca
0%
Ukraine10,434Baryshivka
0%
Romania10,218Bascov
0%
Hungary11,616Bátonyterenye
0%
France11,802Baugé-en-Anjou
0%
Russia17,090Baymak
0%
France23,407Beaupréau-en-Mauges
0%
Romania10,628Beclean
0%
Belgium15,845Beernem
0%
Belgium25,756Beersel
0%
Belgium10,322Begijnendijk
0%
Romania10,555Belcești
0%
Russia10,801Belidzhi
0%
Belgium14,074Belœil
0%
Russia17,674Beloozyorsky
0%
Russia10,695Belousovo
0%
Russia12,484Belyov
0%
Spain11,256Benaguasil
0%
Spain11,989Benifaió
0%
Belgium25,502Berchem-Sainte-Agathe
0%
Ukraine16,202Berezan
0%
Ukraine17,316Berezhany
0%
Ukraine13,280Berezne
0%
Spain12,563Berja
0%
Belgium11,710Berlaar
0%
Belgium15,222Berlare
0%
Italy11,258Bernareggio
0%
Belgium11,804Bernissart
0%
Ukraine12,466Bershad
0%
Belgium10,190Bertem
0%
Italy15,469Besana in Brianza
0%
Belgium11,962Beyne-Heusay
0%
Russia21,540Bezenchuk
0%
Russia20,097Bezhetsk
0%
Germany10,055Biebertal
0%
Ukraine15,850Bilopillia
0%
Ukraine14,940Bilozerske
0%
Ukraine12,477Bilyayivka
0%
United Kingdom13,793Birstall
0%
France17,137Bischheim
0%
Norway25,049Bjørnafjorden
0%
Belgium13,382Blegny
0%
Poland12,134Błonie
0%
Ukraine10,742Bobrovytsia
0%
Ukraine10,559Bobrynets
0%
Belgium13,527Boechout
0%
Russia30,199Bogoroditsk
0%
Russia33,244Bogorodsk
0%
Russia10,975Boguchar
0%
Poland15,154Boguszów-Gorce
0%
Ukraine14,882Bohodukhiv
0%
Ukraine15,975Bohuslav
0%
Ukraine11,457Bokovo-Khrustalne
0%
Romania11,137Boldești-Scăeni
0%
Ukraine10,330Bolekhiv
0%
Romania12,929Bolintin-Vale
0%
Russia10,685Bolkhov
0%
Russia20,178Bologoye
0%
Russia12,372Bolshiye Vyazyomy
0%
Italy10,027Bomporto
0%
Italy10,087Bonate Sopra
0%
Belgium15,177Bonheiden
0%
France18,045Bonneuil-sur-Marne
0%
Italy11,838Borgaro Torinese
0%
Belgium11,123Borgloon
0%
Italy13,407Borgo Valbelluna
0%
Italy14,415Borgo Virgilio
0%
Russia10,222Borovsk
0%
Belgium11,077Borsbeek
0%
Ukraine10,765Borshchiv
0%
France14,784Bouc-Bel-Air
0%
France19,658Bouguenais
0%
Belgium19,842Boussu
0%
Italy16,892Bovisio-Masciago
0%
Romania15,329Bragadiru
0%
Czechia19,420Brandýs nad Labem-Stará Boleslav
0%
Romania15,928Breaza
0%
France10,859Brissac Loire Aubance
0%
Russia22,014Bronnitsy
0%
United Kingdom24,948Broomhall / Windlesham / Virginia Water
0%
Italy16,108Brusciano
0%
Poland12,480Brzeg Dolny
0%
Ukraine12,321Buchach
0%
Romania14,562Buhuși
0%
United Kingdom10,704Bulford Camp
0%
Spain11,553Bullas
0%
France12,117Bully-les-Mines
0%
Sweden14,744Bunkeflostrand
0%
Germany14,913Burbach
0%
Albania10,862Burelë
0%
Germany11,504Burgthann
0%
Ukraine14,866Burshtyn
0%
Germany12,973Buseck
0%
Germany14,859Büttelborn
0%
Russia23,627Buturlinovka
0%
Belarus10,081Byarozawka
0%
Belarus11,115Byelaazyorsk
0%

Score Distribution

Percentile by Number Answered

Percent of People with Each Score

Your Score History

You have not taken this quiz